LEADER 01369nam a2200301 u 4500 001 000000008192 003 CaOOAMICUS 005 20070226105052.0 008 940516s1979 it u000 u ita u 035 $a10211181 040 $aPUL$bita 100 11$aVaccaro, Luciano.$0(OLS)http://pul/name/8200 245 10$aEuropa cristiana : progetto /$ca cura di Luciano Vaccaro. 260 $a[Brescia] :$bMorcelliana,$c[c1979] 300 $a199 p ;$c23 cm 490 1 $aQuaderni della "Gazzada" ;$v2 504 $aComprende bibliografia. 650 4$aNazionalismo e Chiesa cattolica.$0(OLS)http://pul/subject/7086 651 4$aEuropa$xReligione.$0(OLS)http://pul/subject/7087 710 2 $aIstituto per l'evangelizzazione e la promozione umana "Fondazione Ambrosiana Paolo VI".$0(OLS)http://pul/name/8201 830 0$aQuaderni della Gazzada ;$v2.$0(OLS)http://pul/title/11960 850 $aPUL 852 $aPUL$W1$xDP1 Cons. Gen., Altre Classi 1$y22$m44 E 53$j11581$nBK-PRI$b $qStampati$B11581$CPULBib$Z2$F11581 $81 852 $aPUL$W1$xDP1 Fondo G. Barberini$y122$m3 D 43$j166284$nBK-PRI$b $qFondi$B179195$CPULBib$Z2$F179195 $HBar1024 $81 941 1 $a8 961 $aINV: 50598 996 $6245$aEuropa cristiana : progetto$9(OLS)http://pul/title/11959 996 $6260$a[Brescia] :$bMorcelliana$9(OLS)http://pul/publisher/51044 LEADER 02161nam a2200397 u 4500 001 000000039202 003 CaOOAMICUS 005 20070226113949.0 008 980506s1950 au u000 u ger u 035 $a10793716 040 $aPUL(R)$bita$dIAR 100 1 $aSchwind, Fritz,$cFreiherr von,$d1913-$0(OLS)http://pul/name/4391 245 10$aRömisches Recht /$c[Fritz Schwind, Hans Kreller]. 246 11$aGeschichte, Rechtsgang, System des Privatrechtes 246 11$aGrundlehren des Gemeinen Rechts :$bRomanistische Einführung in das geltende Privatrecht 260 $aWien :$bSpringer,$c1950. 300 $a2 v. (410, 414 S.), ;$c24 cm 490 1 $aRechts- und Staatswissenschaften ;$v8-9 500 $aContiene indici. 504 $aBibliografia in nota. 505 0 $av. 1. Geschichte, Rechtsgang, System des Privatsrechtes / von Fritz Schwind. -- v. 2. Grundlehren des Gemeinen Rechts : Romanistische Einführung in das geltende Privatrecht / von Hans Kreller. 650 4$aDiritto romano.$0(OLS)http://pul/subject/382 700 1 $aKreller, Hans,$d1887-1958.$0(OLS)http://pul/name/29107 830 0$aRechts- und Staatswissenschaften ;$v8-9.$0(OLS)http://pul/title/53088 850 $aPUL 852 $aPUL$W1$xDP2 Diritto e Scienze Sociali 1$y65$m184 D 9$j53330$nBK-PRI$av.2$qStampati$B53330$CPULBib$Z2$F53330 $82 852 $aPUL$W1$xDP2 Diritto e Scienze Sociali 1$y65$m183 F 27$j155803$nBK-PRI$av.1$qStampati$B53328$CPULBib$Z2$F53328 $H14933 $82 852 $aPUL$W1$xDP2 Diritto e Scienze Sociali 1$y65$m183 F 28$j155804$nBK-PRI$av.2$qStampati$B53329$CPULBib$Z2$F53329 $H14232 $82 941 1 $a8 960 $aRoman law$9382 960 $aRoman law$9382 961 $aDono Adolfo Plachi. 996 $6245$aRömisches Recht$9(OLS)http://pul/title/52797 996 $6246$aGeschichte, Rechtsgang, System des Privatrechtes$9(OLS)http://pul/title/53086 996 $6246$aGrundlehren des Gemeinen Rechts :$bRomanistische Einführung in das geltende Privatrecht$9(OLS)http://pul/title/53087 996 $6260$aWien :$bSpringer$9(OLS)http://pul/publisher/60574